[Event "36. Open Villa de Benasque 2016 "]
[Site "Benasque ESP"]
[Date "2016.07.07"]
[Round "1.2"]
[White "Sethuraman, S.P.."]
[Black "Laplaza Ara, Carlos"]
[Result "1-0"]
[WhiteElo "2656"]
[BlackElo "1972"]
[PlyCount "43"]
[EventDate "2016.07.07"]
[EventType "swiss"]
[EventRounds "10"]
[EventCountry "ESP"]
[SourceTitle "Ajedrez en Madrid"]
[Source "lmi"]
[SourceDate "2016.07.07"]

1. e4 c5 2. Nf3 d6 3. d4 cxd4 4. Nxd4 Nf6 5. Nc3 a6 6. h3 e6 7. g4 h6 8. Bg2
Be7 9. Be3 Qc7 10. f4 e5 11. Nf5 Bxf5 12. exf5 exf4 13. Bxf4 Nc6 14. Qd2 Rc8
15. O-O-O Ne5 16. Rhg1 b5 17. Nd5 Nxd5 18. Bxd5 Bg5 19. Bxg5 hxg5 20. Rg3 b4
21. Kb1 a5 22. Bb3 1-0

[Event "36. Open Villa de Benasque 2016 "]
[Site "Benasque ESP"]
[Date "2016.07.07"]
[Round "1.3"]
[White "Vela Ignacio, Jose Manuel"]
[Black "Sasikiran, Krishnan"]
[Result "0-1"]
[WhiteElo "1972"]
[BlackElo "2639"]
[PlyCount "43"]
[EventDate "2016.07.07"]
[EventType "swiss"]
[EventRounds "10"]
[EventCountry "ESP"]
[SourceTitle "Ajedrez en Madrid"]
[Source "lmi"]
[SourceDate "2016.07.07"]

1. e4 c5 2. Nf3 d6 3. b4 cxb4 4. d4 g6 5. Bb2 Bg7 6. Bb5+ Bd7 7. Qd3 Nf6 8.
Nbd2 O-O 9. O-O Nh5 10. a4 Nc6 11. e5 Nf4 12. Qe4 Bh6 13. d5 Bf5 14. Qc4 Nxe5
15. Qxb4 Rc8 16. Nxe5 dxe5 17. Nf3 Qd6 18. Qe1 e4 19. Nd4 a6 20. Nxf5 gxf5 21.
Ra3 axb5 22. Qd2 0-1

[Event "36. Open Villa de Benasque 2016 "]
[Site "Benasque ESP"]
[Date "2016.07.07"]
[Round "1.4"]
[White "Kuzubov, Yuriy"]
[Black "Martin Martin, Luis Vicente"]
[Result "1-0"]
[WhiteElo "2635"]
[BlackElo "1971"]
[PlyCount "49"]
[EventDate "2016.07.07"]
[EventType "swiss"]
[EventRounds "10"]
[EventCountry "ESP"]
[SourceTitle "Ajedrez en Madrid"]
[Source "lmi"]
[SourceDate "2016.07.07"]

1. d4 d5 2. c4 c6 3. Nf3 Nf6 4. e3 Bf5 5. Nc3 e6 6. Nh4 Bg4 7. Qb3 Qb6 8. h3
Bh5 9. g4 Bg6 10. Nxg6 hxg6 11. g5 Qxb3 12. axb3 Nfd7 13. c5 e5 14. b4 Be7 15.
f4 exd4 16. exd4 Nf8 17. h4 Ne6 18. Be3 f6 19. Bd3 Kf7 20. Kd2 Nd7 21. Ne2 a6
22. h5 f5 23. hxg6+ Kxg6 24. Ng3 Rhf8 25. Rag1 1-0

[Event "36. Open Villa de Benasque 2016 "]
[Site "Benasque ESP"]
[Date "2016.07.07"]
[Round "1.6"]
[White "Cordova, Emilio"]
[Black "Muñoz Suarez, Luis Alberto"]
[Result "1-0"]
[WhiteElo "2620"]
[BlackElo "1966"]
[PlyCount "57"]
[EventDate "2016.07.07"]
[EventType "swiss"]
[EventRounds "10"]
[EventCountry "ESP"]
[SourceTitle "Ajedrez en Madrid"]
[Source "lmi"]
[SourceDate "2016.07.07"]

1. Nf3 Nf6 2. c4 g6 3. d4 Bg7 4. g3 O-O 5. Bg2 d6 6. O-O Nbd7 7. Nc3 e5 8. h3
c6 9. e4 Re8 10. Be3 exd4 11. Nxd4 Nc5 12. Qc2 a5 13. Rad1 Qe7 14. Rfe1 Be6 15.
b3 Rad8 16. f4 Bc8 17. Bf2 Nfd7 18. a3 Qf6 19. Nde2 Na6 20. Qb1 h5 21. b4 axb4
22. axb4 Bf8 23. Na4 Re6 24. b5 Nac5 25. Nxc5 Nxc5 26. Nd4 cxb5 27. Nxe6 Bxe6
28. Qxb5 Ra8 29. e5 1-0

[Event "36. Open Villa de Benasque 2016 "]
[Site "Benasque ESP"]
[Date "2016.07.07"]
[Round "1.7"]
[White "Gonzalvez Tamarit, Ruben"]
[Black "Baklan, Vladimir"]
[Result "0-1"]
[WhiteElo "1966"]
[BlackElo "2618"]
[PlyCount "54"]
[EventDate "2016.07.07"]
[EventType "swiss"]
[EventRounds "10"]
[EventCountry "ESP"]
[SourceTitle "Ajedrez en Madrid"]
[Source "lmi"]
[SourceDate "2016.07.07"]

1. e4 c5 2. Nf3 Nc6 3. d4 cxd4 4. Nxd4 Nf6 5. Nc3 d6 6. f3 e5 7. Nb3 Be7 8. Be3
O-O 9. Qd2 a5 10. a4 Nb4 11. O-O-O Be6 12. Qf2 Qc8 13. Kb1 d5 14. Bc5 Bxc5 15.
Nxc5 d4 16. Nxe6 Qxe6 17. Nd5 Nfxd5 18. exd5 Qxd5 19. b3 Rac8 20. Rd2 Rc3 21.
Kb2 Rfc8 22. Bc4 R8xc4 23. bxc4 Qxc4 24. Ra1 d3 25. Rc1 Ra3 26. Rb1 h6 27. Kc1
Na2+ 0-1

[Event "36. Open Villa de Benasque 2016 "]
[Site "Benasque ESP"]
[Date "2016.07.07"]
[Round "1.8"]
[White "Cori, Jorge"]
[Black "Callet, Antoine"]
[Result "1-0"]
[WhiteElo "2602"]
[BlackElo "1965"]
[PlyCount "87"]
[EventDate "2016.07.07"]
[EventType "swiss"]
[EventRounds "10"]
[EventCountry "ESP"]
[SourceTitle "Ajedrez en Madrid"]
[Source "lmi"]
[SourceDate "2016.07.07"]

1. e4 c5 2. Nc3 a6 3. g4 b5 4. Bg2 Bb7 5. d3 d6 6. h4 Nc6 7. f4 e6 8. Nf3 Nf6
9. g5 Nd7 10. O-O Be7 11. f5 b4 12. fxe6 fxe6 13. Ne2 Qc7 14. Nf4 Nf8 15. Bh3
Bc8 16. Qe2 Bd7 17. a3 Qc8 18. Qg2 Ng6 19. axb4 Nxf4 20. Bxf4 Nxb4 21. Be3 O-O
22. Nh2 e5 23. Rxf8+ Bxf8 24. Bxd7 Qxd7 25. Rf1 Be7 26. Qe2 Rf8 27. c3 Nc6 28.
Rxf8+ Bxf8 29. Ng4 Qf7 30. Bf2 Nd8 31. Ne3 Ne6 32. Bg3 Nc7 33. Qd1 g6 34. Kg2
Qd7 35. Qb3+ Kg7 36. Qb7 Be7 37. Nc4 Kf8 38. Nb6 Qd8 39. b4 cxb4 40. cxb4 Ne6
41. Nd5 a5 42. bxa5 Nc5 43. Qa7 Qd7 44. Qxd7 1-0

[Event "36. Open Villa de Benasque 2016 "]
[Site "Benasque ESP"]
[Date "2016.07.07"]
[Round "1.9"]
[White "Rosell Formosa, Jaime"]
[Black "Vocaturo, Daniele"]
[Result "0-1"]
[WhiteElo "1963"]
[BlackElo "2582"]
[PlyCount "66"]
[EventDate "2016.07.07"]
[EventType "swiss"]
[EventRounds "10"]
[EventCountry "ESP"]
[SourceTitle "Ajedrez en Madrid"]
[Source "lmi"]
[SourceDate "2016.07.07"]

1. d4 Nf6 2. c4 e6 3. Nc3 Bb4 4. e3 b6 5. Nf3 Bb7 6. Bd3 Bxc3+ 7. bxc3 Be4 8.
Be2 O-O 9. O-O c5 10. a4 Nc6 11. Ne1 Bg6 12. Nd3 Ne4 13. Bb2 Nd6 14. Nf4 Na5
15. Nxg6 hxg6 16. dxc5 Ndxc4 17. Bc1 bxc5 18. e4 Rb8 19. Qc2 Qc7 20. Rd1 Rfd8
21. g3 Qc6 22. Bxc4 Nxc4 23. a5 d5 24. exd5 Rxd5 25. Rxd5 Qxd5 26. h4 Rd8 27.
Bf4 e5 28. Bg5 Rd7 29. Ra4 Qf3 30. Ra1 e4 31. Qa4 Ne5 32. Be3 Qf5 33. Rd1 Qh3
0-1

[Event "36. Open Villa de Benasque 2016 "]
[Site "Benasque ESP"]
[Date "2016.07.07"]
[Round "1.10"]
[White "Forcen Esteban, Daniel"]
[Black "Bernal Gomez, Alejandro"]
[Result "1-0"]
[WhiteElo "2565"]
[BlackElo "1963"]
[PlyCount "87"]
[EventDate "2016.07.07"]
[EventType "swiss"]
[EventRounds "10"]
[EventCountry "ESP"]
[SourceTitle "Ajedrez en Madrid"]
[Source "lmi"]
[SourceDate "2016.07.07"]

1. d4 Nf6 2. Nf3 e6 3. e3 b6 4. Bd3 Bb7 5. O-O Be7 6. c4 O-O 7. Nc3 d6 8. e4
Nbd7 9. h3 e5 10. d5 h6 11. Be3 a5 12. a3 Nh7 13. b4 Ng5 14. Nd2 Nh7 15. Nb3
Bg5 16. Bxg5 Qxg5 17. bxa5 bxa5 18. Nb5 a4 19. Nc1 Qd8 20. Na2 Nc5 21. Bc2 Ba6
22. Rb1 Bxb5 23. Rxb5 Qh4 24. Qg4 Qe7 25. Rfb1 Nf6 26. Qe2 Nfd7 27. Nb4 Nb6 28.
Nc6 Qf6 29. g3 g6 30. h4 Qg7 31. h5 gxh5 32. Ne7+ Kh8 33. Kg2 Qg4 34. Qxg4 hxg4
35. Rh1 Nxc4 36. Rxh6+ Kg7 37. Nf5+ Kg8 38. Rb1 f6 39. Rbh1 Kf7 40. Rh7+ Ke8
41. Rxc7 Kd8 42. Rhh7 Ra6 43. Bd3 Nxd3 44. Rhd7+ 1-0

[Event "36. Open Villa de Benasque 2016 "]
[Site "Benasque ESP"]
[Date "2016.07.08"]
[Round "2.1"]
[White "Garcia Romero, Benjamin Abel"]
[Black "Granda Zuñiga, Julio E"]
[Result "0-1"]
[WhiteElo "2198"]
[BlackElo "2699"]
[PlyCount "48"]
[EventDate "2016.07.07"]
[EventType "swiss"]
[EventRounds "10"]
[EventCountry "ESP"]
[SourceTitle "Ajedrez en Madrid"]
[Source "lmi"]
[SourceDate "2016.07.07"]

1. e4 c5 2. Nf3 e6 3. d4 cxd4 4. Nxd4 a6 5. Nc3 Qc7 6. Be2 b5 7. O-O Bb7 8. Bf3
Nc6 9. Nxc6 dxc6 10. g3 Nf6 11. Qe2 Nd7 12. Nd1 Be7 13. Re1 O-O 14. e5 Rad8 15.
Nc3 c5 16. Bf4 Nb6 17. Rad1 c4 18. Ne4 Nd5 19. Rxd5 Bxd5 20. Nf6+ Bxf6 21. exf6
Qc5 22. Bxd5 Rxd5 23. Qg4 g6 24. Rxe6 Qc8 0-1

[Event "36. Open Villa de Benasque 2016 "]
[Site "Benasque ESP"]
[Date "2016.07.08"]
[Round "2.2"]
[White "Andrenko, Irina"]
[Black "Sethuraman, S.P.."]
[Result "0-1"]
[WhiteElo "2198"]
[BlackElo "2656"]
[PlyCount "51"]
[EventDate "2016.07.07"]
[EventType "swiss"]
[EventRounds "10"]
[EventCountry "ESP"]
[SourceTitle "Ajedrez en Madrid"]
[Source "lmi"]
[SourceDate "2016.07.07"]

1. e4 g6 2. d4 Bg7 3. Nc3 c6 4. f4 d5 5. e5 h5 6. Nf3 Nh6 7. Be3 Qb6 8. Na4 Qc7
9. Qd2 Bg4 10. Be2 Nd7 11. Nc3 e6 12. O-O Nf5 13. Bf2 Bf8 14. Nd1 Be7 15. Rc1
O-O-O 16. a4 Kb8 17. b4 f6 18. Nb2 Bxf3 19. Bxf3 g5 20. c4 dxc4 21. Nxc4 fxe5
22. fxe5 Nxe5 23. Nxe5 Qxe5 24. Qc3 Qd6 25. b5 cxb5 26. axb5 0-1

[Event "36. Open Villa de Benasque 2016 "]
[Site "Benasque ESP"]
[Date "2016.07.08"]
[Round "2.3"]
[White "Sasikiran, Krishnan"]
[Black "Gomez Peco, Pablo"]
[Result "1-0"]
[WhiteElo "2639"]
[BlackElo "2189"]
[PlyCount "69"]
[EventDate "2016.07.07"]
[EventType "swiss"]
[EventRounds "10"]
[EventCountry "ESP"]
[SourceTitle "Ajedrez en Madrid"]
[Source "lmi"]
[SourceDate "2016.07.07"]

1. e4 c6 2. d4 d5 3. e5 Bf5 4. Nf3 e6 5. Be2 Nd7 6. O-O Ne7 7. Nbd2 Ng6 8. Nb3
h5 9. c3 Be7 10. Ne1 h4 11. Bd3 Ngf8 12. Be3 g6 13. a4 a6 14. a5 c5 15. Nxc5
Nxc5 16. dxc5 Nd7 17. Bxf5 gxf5 18. Nd3 Qc7 19. b4 O-O-O 20. Bd4 Rdg8 21. Kh1
Rh7 22. f3 Rhg7 23. Rf2 f4 24. h3 Rg3 25. Qf1 f6 26. Re1 fxe5 27. Nxe5 Nf6 28.
Ng4 Nh5 29. Qd3 R8xg4 30. hxg4 Nf6 31. Qg6 h3 32. Bxf6 hxg2+ 33. Kg1 Bxf6 34.
Qxf6 Qh7 35. Qxe6+ 1-0

[Event "36. Open Villa de Benasque 2016 "]
[Site "Benasque ESP"]
[Date "2016.07.08"]
[Round "2.4"]
[White "Redondo Benavente, Jose Carlos"]
[Black "Kuzubov, Yuriy"]
[Result "0-1"]
[WhiteElo "2184"]
[BlackElo "2635"]
[PlyCount "94"]
[EventDate "2016.07.07"]
[EventType "swiss"]
[EventRounds "10"]
[EventCountry "ESP"]
[SourceTitle "Ajedrez en Madrid"]
[Source "lmi"]
[SourceDate "2016.07.07"]

1. e4 e6 2. d4 d5 3. Nd2 c5 4. exd5 exd5 5. Ngf3 a6 6. dxc5 Bxc5 7. Nb3 Bd6 8.
Bd3 Ne7 9. O-O O-O 10. Bg5 Nbc6 11. Bh4 h6 12. Bg3 Bg4 13. Re1 Re8 14. c3 Qc7
15. Be2 Rad8 16. Nfd4 Bc8 17. Bxd6 Qxd6 18. Qd2 Ng6 19. Nxc6 bxc6 20. Bf1 Re6
21. Rad1 Nf4 22. Rxe6 Nxe6 23. Nd4 c5 24. Nf5 Qc7 25. b4 d4 26. cxd4 Nxd4 27.
Nxd4 Rxd4 28. Qc1 Rxd1 29. Qxd1 cxb4 30. Qa4 a5 31. Qe8+ Kh7 32. Bd3+ g6 33. h4
Kg7 34. h5 g5 35. Qe3 Qc3 36. g3 Bb7 37. Kh2 a4 38. Qe7 Bd5 39. Bf5 a3 40. Bb1
Be6 41. Qd6 Qb2 42. Qd3 Qxf2+ 43. Kh1 Qf6 44. Qh7+ Kf8 45. Qd3 Bg4 46. Qb3 Qf1+
47. Kh2 Qf2+ 0-1

[Event "36. Open Villa de Benasque 2016 "]
[Site "Benasque ESP"]
[Date "2016.07.08"]
[Round "2.5"]
[White "Iturrizaga Bonelli, Eduardo"]
[Black "Martorell Aubanell, Adria"]
[Result "1-0"]
[WhiteElo "2624"]
[BlackElo "2180"]
[PlyCount "85"]
[EventDate "2016.07.07"]
[EventType "swiss"]
[EventRounds "10"]
[EventCountry "ESP"]
[SourceTitle "Ajedrez en Madrid"]
[Source "lmi"]
[SourceDate "2016.07.07"]

1. Nf3 Nf6 2. c4 g6 3. Nc3 Bg7 4. g3 O-O 5. Bg2 d6 6. d4 Nbd7 7. O-O e5 8. e4
c6 9. Be3 Re8 10. Qc2 Qc7 11. Rad1 Nf8 12. h3 b6 13. Rd2 Bb7 14. Rfd1 Ne6 15.
d5 cxd5 16. cxd5 Nf8 17. Ne1 Rec8 18. Nd3 N8d7 19. Nb4 Bf8 20. a4 Nc5 21. Bg5
Ne8 22. Rc1 Be7 23. Bxe7 Qxe7 24. Nc6 Bxc6 25. dxc6 a5 26. Nd5 Qd8 27. Bf1 Rab8
28. Bb5 Rc7 29. Rcd1 Kg7 30. Kg2 Ne6 31. Qc3 Ra7 32. f4 f6 33. fxe5 fxe5 34.
Nf4 Nc5 35. Qxe5+ dxe5 36. Rxd8 Rxd8 37. Rxd8 exf4 38. Rxe8 fxg3 39. Kxg3 Kf7
40. Kf4 Ne6+ 41. Ke5 Nc5 42. Kd6 Na6 43. Rd8 1-0

[Event "36. Open Villa de Benasque 2016 "]
[Site "Benasque ESP"]
[Date "2016.07.08"]
[Round "2.6"]
[White "Garcia Vicente, Nieves"]
[Black "Cordova, Emilio"]
[Result "0-1"]
[WhiteElo "2177"]
[BlackElo "2620"]
[PlyCount "66"]
[EventDate "2016.07.07"]
[EventType "swiss"]
[EventRounds "10"]
[EventCountry "ESP"]
[SourceTitle "Ajedrez en Madrid"]
[Source "lmi"]
[SourceDate "2016.07.07"]

1. d4 Nf6 2. c4 e6 3. Nc3 Bb4 4. e3 O-O 5. Bd3 b6 6. Nge2 Bb7 7. O-O c5 8. d5
exd5 9. cxd5 a6 10. e4 d6 11. a3 Ba5 12. Ng3 b5 13. Bf4 Bc8 14. Nh5 Ng4 15. Be2
Ne5 16. Bg3 g6 17. Nf4 c4 18. b4 cxb3 19. Qxb3 Nbd7 20. Na2 Nc5 21. Qc2 Bd7 22.
Qb1 Rc8 23. Rd1 Re8 24. f3 Qg5 25. Kh1 Na4 26. Nd3 Nc4 27. Qb3 Nd2 28. Rxd2
Qxd2 29. Bf1 Qe3 30. Bf2 Qg5 31. Ndb4 Qf6 32. Rd1 Qb2 33. Qe3 Bb6 0-1

[Event "36. Open Villa de Benasque 2016 "]
[Site "Benasque ESP"]
[Date "2016.07.08"]
[Round "2.7"]
[White "Baklan, Vladimir"]
[Black "Sesma Rubio, Patxi"]
[Result "1-0"]
[WhiteElo "2618"]
[BlackElo "2168"]
[PlyCount "111"]
[EventDate "2016.07.07"]
[EventType "swiss"]
[EventRounds "10"]
[EventCountry "ESP"]
[SourceTitle "Ajedrez en Madrid"]
[Source "lmi"]
[SourceDate "2016.07.07"]

1. e4 e5 2. Nf3 Nc6 3. d4 exd4 4. Nxd4 Bc5 5. Be3 Qf6 6. c3 Nge7 7. Nc2 Bxe3 8.
Nxe3 O-O 9. g3 b6 10. Nd2 Re8 11. Be2 d5 12. exd5 Nf5 13. O-O Ne5 14. Ng4 Nxg4
15. Bxg4 Qg5 16. Bf3 Nd6 17. Re1 Bf5 18. Nf1 Be4 19. Bxe4 Nxe4 20. Qd4 Qf5 21.
Nd2 Nf6 22. c4 Rad8 23. Qc3 h6 24. Rac1 Qg4 25. b3 Qf5 26. Qf3 Qg5 27. Nf1 Ng4
28. Rcd1 Ne5 29. Qe2 Qf5 30. f4 Ng4 31. Qxe8+ Rxe8 32. Rxe8+ Kh7 33. Re2 Qg6
34. h3 Nf6 35. Rde1 Qd3 36. Rd2 Qc3 37. Re3 Qc1 38. Kg2 h5 39. Ree2 Qc3 40. Re3
Qc1 41. Rde2 h4 42. g4 b5 43. Nd2 bxc4 44. bxc4 a5 45. f5 a4 46. Nf3 Qxc4 47.
Ng5+ Kh6 48. Nxf7+ Kh7 49. g5 Qxd5+ 50. Kh2 Kg8 51. g6 Kf8 52. Ng5 Qd6+ 53. Kg1
Qd1+ 54. Kf2 Qd7 55. Nh7+ Kg8 56. Nxf6+ 1-0

[Event "36. Open Villa de Benasque 2016 "]
[Site "Benasque ESP"]
[Date "2016.07.08"]
[Round "2.8"]
[White "Rodriguez Garcia, Manuel Francisco"]
[Black "Cori, Jorge"]
[Result "0-1"]
[WhiteElo "2169"]
[BlackElo "2602"]
[PlyCount "94"]
[EventDate "2016.07.07"]
[EventType "swiss"]
[EventRounds "10"]
[EventCountry "ESP"]
[SourceTitle "Ajedrez en Madrid"]
[Source "lmi"]
[SourceDate "2016.07.07"]

1. e4 c5 2. Nf3 Nc6 3. d4 cxd4 4. Nxd4 e5 5. Nb5 d6 6. c4 Be6 7. N1c3 a6 8. Na3
Be7 9. Be2 Nf6 10. Be3 Rc8 11. O-O O-O 12. Qd2 h6 13. Rfd1 Ne8 14. Nc2 Bg5 15.
Nd5 Bxd5 16. Bxg5 hxg5 17. Qxd5 g6 18. b4 Qc7 19. Rac1 Kg7 20. Qd2 Qe7 21. b5
Nb8 22. Nb4 a5 23. Nd5 Qd8 24. Rc3 Nd7 25. Ra3 Ra8 26. b6 Nc5 27. Rxa5 Nxe4 28.
Rxa8 Qxa8 29. Qc2 Nc5 30. Nc7 Qd8 31. Nd5 Rh8 32. g3 Nf6 33. Bf3 Nxd5 34. Bxd5
Qxb6 35. Rb1 Qc7 36. Qd2 g4 37. Qb2 Qd7 38. Qb6 Qf5 39. Rd1 Nd3 40. Qe3 Nc5 41.
Bg2 Qf6 42. Qe2 Ra8 43. Rb1 Qf5 44. Rb2 e4 45. Rd2 Qe6 46. Rd4 Qe5 47. Qd2 Rxa2
0-1

[Event "36. Open Villa de Benasque 2016 "]
[Site "Benasque ESP"]
[Date "2016.07.08"]
[Round "2.9"]
[White "Vocaturo, Daniele"]
[Black "Garcia Paolicchi, Raul"]
[Result "1-0"]
[WhiteElo "2582"]
[BlackElo "2150"]
[PlyCount "55"]
[EventDate "2016.07.07"]
[EventType "swiss"]
[EventRounds "10"]
[EventCountry "ESP"]
[SourceTitle "Ajedrez en Madrid"]
[Source "lmi"]
[SourceDate "2016.07.07"]

1. e4 c6 2. d4 d5 3. Nc3 dxe4 4. Nxe4 Bf5 5. Ng3 Bg6 6. h4 h6 7. Nf3 Nd7 8. Bd3
Bxd3 9. Qxd3 e6 10. Bd2 Ngf6 11. O-O-O Be7 12. Qe2 O-O 13. Nf1 Nb6 14. Kb1 Na4
15. Bc1 Nd5 16. Rd3 Qb6 17. Qe5 Bf6 18. Qe1 Qa6 19. Ne3 Be7 20. Nxd5 cxd5 21.
Ne5 Nb6 22. Rg3 Kh7 23. Qe3 Bf6 24. Ng4 Nd7 25. Rhh3 e5 26. dxe5 Bxe5 27. Nxe5
Rae8 28. Qd3+ 1-0

[Event "36. Open Villa de Benasque 2016 "]
[Site "Benasque ESP"]
[Date "2016.07.08"]
[Round "2.10"]
[White "Martin Garcia, Guillermo"]
[Black "Forcen Esteban, Daniel"]
[Result "0-1"]
[WhiteElo "2166"]
[BlackElo "2565"]
[PlyCount "83"]
[EventDate "2016.07.07"]
[EventType "swiss"]
[EventRounds "10"]
[EventCountry "ESP"]
[SourceTitle "Ajedrez en Madrid"]
[Source "lmi"]
[SourceDate "2016.07.07"]

1. e4 c5 2. b3 g6 3. Bb2 Nf6 4. e5 Nd5 5. Bc4 Nb6 6. e6 f6 7. exd7+ Bxd7 8. Qe2
Nxc4 9. Bxf6 Rg8 10. bxc4 Nc6 11. d3 Qb6 12. Bc3 Bg7 13. Qd2 Nd4 14. Ne2 Qe6
15. Bxd4 Bxd4 16. c3 Bf6 17. O-O O-O-O 18. Na3 Bc6 19. Rad1 h5 20. d4 Bd7 21.
Qb2 h4 22. Nf4 Qg4 23. Nd5 h3 24. f3 Qxg2+ 25. Qxg2 hxg2 26. Kxg2 Bh4 27. Ne3
Rgf8 28. f4 Bf6 29. Rd2 Rh8 30. Rf3 Rh4 31. Kg1 Rf8 32. Nac2 Bc6 33. d5 Bd7 34.
Ng2 Rh3 35. Rdf2 Bf5 36. Re3 Rfh8 37. Nge1 R8h5 38. Kh1 b6 39. Kg1 Kd8 40. Rg3
Ke8 41. Re3 Kf7 42. Rg3 0-1

[Event "36. Open Villa de Benasque 2016 "]
[Site "Benasque ESP"]
[Date "2016.07.09"]
[Round "3.1"]
[White "Granda Zuñiga, Julio E"]
[Black "Dolezal, Radoslav"]
[Result "1/2-1/2"]
[WhiteElo "2699"]
[BlackElo "2383"]
[PlyCount "124"]
[EventDate "2016.07.07"]
[EventType "swiss"]
[EventRounds "10"]
[EventCountry "ESP"]
[SourceTitle "Ajedrez en Madrid"]
[Source "lmi"]
[SourceDate "2016.07.07"]

1. c4 e6 2. Nf3 d5 3. b3 d4 4. g3 c5 5. Bg2 Nc6 6. O-O Bd6 7. d3 Nge7 8. Nbd2
Ng6 9. e3 e5 10. exd4 exd4 11. Re1+ Be7 12. h4 Bg4 13. Nf1 Nge5 14. Bf4 Nxf3+
15. Bxf3 Bxf3 16. Qxf3 O-O 17. Re4 Bd6 18. Rae1 Bxf4 19. Qxf4 Qd7 20. Nh2 Rae8
21. Nf3 Rxe4 22. Qxe4 h6 23. a3 Rd8 24. Kg2 Kf8 25. Qh7 f6 26. h5 Re8 27. Rxe8+
Qxe8 28. Qf5 b6 29. g4 Ne7 30. Qf4 a5 31. a4 Qc6 32. Kg3 Qe6 33. Nh4 Kf7 34.
Qf3 Qd6+ 35. Kg2 Qe6 36. Kf1 Qc6 37. Qh3 Qe6 38. Qg3 Qe5 39. f4 Qd6 40. Kf2 Qe6
41. Nf3 f5 42. Nd2 Nc6 43. g5 Nb4 44. Nf1 Qc6 45. Qh3 Qe6 46. Kg1 Kf8 47. Qf3
Qc6 48. Qe2 Qe8 49. Qf3 Qc6 50. Qe2 Qe8 51. Kf2 Qxe2+ 52. Kxe2 Ke7 53. Nh2 Ke6
54. Nf3 Nc6 55. Nh4 Ne7 56. Kf3 Kf7 57. Kg3 Ke6 58. Ng2 Nc6 59. Kf2 Nb4 60. Ke2
Nc6 61. Kf2 Nb4 62. Ke2 Nc6 1/2-1/2

[Event "36. Open Villa de Benasque 2016 "]
[Site "Benasque ESP"]
[Date "2016.07.09"]
[Round "3.2"]
[White "Sethuraman, S.P.."]
[Black "Arabidze, Meri"]
[Result "1/2-1/2"]
[WhiteElo "2656"]
[BlackElo "2360"]
[PlyCount "52"]
[EventDate "2016.07.07"]
[EventType "swiss"]
[EventRounds "10"]
[EventCountry "ESP"]
[SourceTitle "Ajedrez en Madrid"]
[Source "lmi"]
[SourceDate "2016.07.07"]

1. d4 Nf6 2. Bg5 Ne4 3. h4 h6 4. Bf4 d5 5. Nd2 Nxd2 6. Qxd2 Bf5 7. e3 e6 8. f3
Bd6 9. Ne2 Nc6 10. Ng3 Bxf4 11. Nxf5 exf5 12. exf4 Qe7+ 13. Kf2 O-O-O 14. c3 h5
15. Re1 Qf6 16. Bb5 Rde8 17. g3 Rxe1 18. Rxe1 Nd8 19. Re5 g6 20. Ba4 Qd6 21.
Be8 Rf8 22. Qe2 Nc6 23. Re3 Kd8 24. Kg2 a6 25. Kh3 b5 26. Bxc6 Qxc6 1/2-1/2

[Event "36. Open Villa de Benasque 2016 "]
[Site "Benasque ESP"]
[Date "2016.07.09"]
[Round "3.3"]
[White "Roeder, Matthias"]
[Black "Sasikiran, Krishnan"]
[Result "0-1"]
[WhiteElo "2385"]
[BlackElo "2639"]
[PlyCount "53"]
[EventDate "2016.07.07"]
[EventType "swiss"]
[EventRounds "10"]
[EventCountry "ESP"]
[SourceTitle "Ajedrez en Madrid"]
[Source "lmi"]
[SourceDate "2016.07.07"]

1. Nf3 Nf6 2. c4 e6 3. g3 d5 4. Bg2 d4 5. O-O c5 6. b4 cxb4 7. a3 Nc6 8. Bb2 a5
9. e3 dxe3 10. fxe3 Be7 11. axb4 Nxb4 12. d4 O-O 13. Nbd2 Ng4 14. Qb3 Bd7 15.
h3 Nf6 16. e4 Bc6 17. Ne5 Nd7 18. Nxd7 Bxd7 19. e5 Bc6 20. Ne4 b5 21. c5 Bd5
22. Qc3 Qd7 23. Rae1 Nc6 24. Nf6+ Bxf6 25. exf6 Bxg2 26. Kxg2 Rad8 27. Re4 0-1

[Event "36. Open Villa de Benasque 2016 "]
[Site "Benasque ESP"]
[Date "2016.07.09"]
[Round "3.4"]
[White "Kuzubov, Yuriy"]
[Black "Tejedor Fuente, Enrique"]
[Result "1-0"]
[WhiteElo "2635"]
[BlackElo "2353"]
[PlyCount "105"]
[EventDate "2016.07.07"]
[EventType "swiss"]
[EventRounds "10"]
[EventCountry "ESP"]
[SourceTitle "Ajedrez en Madrid"]
[Source "lmi"]
[SourceDate "2016.07.07"]

1. d4 Nf6 2. c4 e6 3. Nc3 Bb4 4. e3 c5 5. Bd3 Bxc3+ 6. bxc3 Qa5 7. Ne2 O-O 8.
O-O d5 9. cxd5 exd5 10. f3 Re8 11. Bd2 b6 12. a4 Nc6 13. Bb5 Bd7 14. c4 Nb4 15.
Bxd7 Nxd7 16. cxd5 Qa6 17. Nf4 Nd3 18. Qe2 c4 19. e4 Nf6 20. Qe3 Rad8 21. Nxd3
Nxd5 22. Qg5 cxd3 23. exd5 Qc4 24. Rfe1 Qxd4+ 25. Kf1 f6 26. Qf4 Qxd5 27. Re3
Rxe3 28. Qxe3 h6 29. Re1 Rc8 30. Qe4 Qxe4 31. Rxe4 Rc2 32. Ke1 Ra2 33. Rd4 Kh7
34. g4 Kg6 35. f4 f5 36. Rd6+ Kf7 37. gxf5 Rxa4 38. Rxd3 Kf6 39. Rd5 Rc4 40.
Be3 Rc7 41. Bd4+ Kf7 42. Ke2 Rb7 43. Rd6 Kg8 44. Kd3 Re7 45. h4 Kh7 46. h5 Rf7
47. Ke4 Re7+ 48. Re6 Rb7 49. f6 gxf6 50. Rxf6 Re7+ 51. Kf5 Rd7 52. Be5 Rg7 53.
Rf8 1-0

[Event "36. Open Villa de Benasque 2016 "]
[Site "Benasque ESP"]
[Date "2016.07.09"]
[Round "3.5"]
[White "Aranda Marin, Cristian"]
[Black "Iturrizaga Bonelli, Eduardo"]
[Result "1/2-1/2"]
[WhiteElo "2367"]
[BlackElo "2624"]
[PlyCount "99"]
[EventDate "2016.07.07"]
[EventType "swiss"]
[EventRounds "10"]
[EventCountry "ESP"]
[SourceTitle "Ajedrez en Madrid"]
[Source "lmi"]
[SourceDate "2016.07.07"]

1. e4 c5 2. Nf3 e6 3. d3 Nc6 4. g3 Nge7 5. Bg2 g6 6. O-O Bg7 7. Re1 d6 8. c3 e5
9. Na3 O-O 10. Be3 f5 11. Qb3+ Kh8 12. exf5 Bxf5 13. Ng5 Qd7 14. Qa4 h6 15. Ne4
Nd5 16. Nc4 Nxe3 17. Nxe3 Rad8 18. a3 Qf7 19. Re2 Be6 20. b4 cxb4 21. axb4 d5
22. Nc5 d4 23. Nxe6 Qxe6 24. Bxc6 bxc6 25. Nd1 dxc3 26. Nxc3 Rxd3 27. Ne4 Qc4
28. Rae1 Rd4 29. Rc2 Qb5 30. Qxb5 cxb5 31. Rc7 Rxb4 32. Rxa7 Rb8 33. Nc5 Re8
34. Rd1 e4 35. Rdd7 Bf8 36. Rab7 Rc4 37. Na6 b4 38. Nc7 Re5 39. Nd5 Rf5 40. Ne3
Rc1+ 41. Kg2 Rf3 42. Rd8 Rb1 43. Ng4 Rb2 44. Kh3 b3 45. Ne5 Rfxf2 46. Nxg6+ Kg8
47. Re7 Rbd2 48. Rb8 b2 49. Nxf8 Rxf8 50. Rbb7 1/2-1/2